Statistics for Lars Winnerbäck - Jag får liksom ingen ordning

Click here to take the quiz!

General Stats

  • This quiz has been taken 15 times
  • The average score is 262 of 319

Answer Stats

Answer% Correct
bra
100%
de
100%
det
100%
Det
100%
du
100%
en
100%
ett
100%
får
100%
för
100%
förfärligt
100%
inge
100%
ingen
100%
inte
100%
Jag
100%
jag
100%
kan
100%
liksom
100%
liv
100%
med
100%
mer
100%
mitt
100%
nåt
100%
nätterna
100%
och
100%
ordning
100%
100%
100%
se
100%
va
100%
var
100%
vi
100%
än
75%
är
75%
att
75%
din
75%
fel
75%
gång
75%
ha
75%
har
75%
hit
75%
hörde
75%
hur
75%
kom
75%
kommer
75%
lätt
75%
man
75%
mig
75%
mycket
75%
När
75%
ögonblick
75%
Om
75%
om
75%
röst
75%
själv
75%
som
75%
ta
75%
Vad
75%
väg
75%
vet
75%
åskans
50%
av
50%
dån
50%
diktionen
50%
Diskanten
50%
dra
50%
ekot
50%
eller
50%
Eller
50%
ensamt
50%
figurer
50%
förskingrat
50%
förstånd
50%
från
50%
frekvens
50%
fungerar
50%
gick
50%
Gör
50%
gör
50%
gräns
50%
hård
50%
härifrån
50%
inga
50%
Inga
50%
jo
50%
känns
50%
kanske
50%
kyrkogård
50%
ljuset
50%
måste
50%
Mellan
50%
mindre
50%
ödslig
50%
pundigt
50%
råd
50%
räknat
50%
Rita
50%
sekunderna
50%
sig
50%
sjuk
50%
slag
50%
svagare
50%
svar
50%
sympati
50%
tonen
50%
träffat
50%
tysta
50%
undra
50%
vaksamhet
50%
väns
50%
varann
50%
visst
50%
full
25%
glömt
25%
häll
25%
läker
25%
regnet
25%
såren
25%
söker
25%
tolkning
25%

Score Distribution

Percentile by Number Answered

Percent of People with Each Score

Your Score History

You have not taken this quiz